00777nas a2200217Ia 4500001001100000003000900011008004100020040001300061040001300074041001300087100004800100210003700148222003700185245012600222250001100348260002600359501008600385300001800471362002700489650004300516R111/44668IT-RoPAU151124c99999999xx |||||||||||| ||und|| aIT-RoPAU cIT-RoPAU aITALIANO aMontanari AlbertogCodice Aut. SPICS: 30351 aCOMUNICAZIONE DI MASSA (SUGARCO) aComunicazione Di Massa (Sugarco) aCOMUNICAZIONE DI MASSA (SUGARCO), ANNO 03-VOL.3 (1982)bLiberalizzazione Del Prezzo Dei Giornali E Incentivi Condizionati a1a ed. aMILANObSUGARCOc1982 bPaulus - SPICS - Società San Paolo EM (non-commercial uses only)cCopyright2015 a14 p. [47-60] aANNO 003, VOL.3 (1982) aCOMUNICAZIONEvPUBBLICAZIONE PERIODICA